| 000 | 00547nam a2200181 a 4500 | ||
|---|---|---|---|
| 005 | 20210223132350.0 | ||
| 008 | 140521s2008 ag r 000 0 spa d | ||
| 020 | _a9789501111354 | ||
| 035 | _aUPN01000197416 | ||
| 049 | _aI | ||
| 050 | 4 |
_aQB501.3 _bR5.7 |
|
| 100 | 1 |
_aRiley, Peter D. _935577 |
|
| 245 | 1 | 3 |
_aEl sistema solar / _cPeter Riley ; il. Jeremy Pyke ; tr. Élida Marta Colella. |
| 260 |
_aBuenos Aires : _bSigmar, _c2008. |
||
| 300 |
_a17 p. : _bil. col. |
||
| 650 | 4 |
_aSISTEMA SOLAR - _vLITERATURA INFANTIL _920202 |
|
| 905 | _aInfantil | ||
| 999 |
_c169517 _d169517 |
||